[Event "24. Open Catalunya Escacs Club"]
[Site "Barcelona ESP"]
[Date "2010.03.29"]
[Round "3.7"]
[White "Ruiz Bravo, Alfonso"]
[Black "Perpinya Rofes, Lluis Maria"]
[Result "0-1"]
[WhiteElo "2069"]
[BlackElo "2308"]
[PlyCount "104"]
[EventDate "2010.03.27"]
[EventType "swiss"]
[EventRounds "9"]
[EventCountry "ESP"]
[Source "lmi"]
[SourceDate "2010.03.27"]

1. e4 c5 2. Nf3 Nc6 3. d4 cxd4 4. Nxd4 g6 5. Be3 Nf6 6. Nc3 Bg7 7. Nb3 d6 8.
Be2 O-O 9. O-O Ne5 10. h3 Be6 11. Nd4 Rc8 12. Nxe6 fxe6 13. f4 Nc4 14. Bxc4
Rxc4 15. Qd3 Qc8 16. Rad1 Nh5 17. g4 Ng3 18. Rf3 Bxc3 19. Rxg3 Bxb2 20. Rg2 Qc6
21. Rb1 Bg7 22. e5 dxe5 23. fxe5 Bxe5 24. Bxa7 b6 25. Bxb6 Rb8 26. Rb3 Rc3 27.
Rxc3 Qxb6+ 28. Kf1 Qb1+ 29. Ke2 Bxc3 30. Qxc3 Rd8 31. Rf2 Qxa2 32. Rf3 Qd5 33.
Ke3 Qd1 34. Rf2 Qh1 35. Ke2 Qe4+ 36. Qe3 Qxc2+ 37. Kf1 Rd1+ 38. Kg2 Qc6+ 39.
Kg3 Qd5 40. Kh4 Kg7 41. Qf4 g5+ 42. Qxg5+ Qxg5+ 43. Kxg5 Rd3 44. Rh2 Rf3 45.
Kh4 Kf6 46. Ra2 e5 47. Ra6+ e6 48. Ra8 e4 49. g5+ Kf5 50. Rf8+ Ke5 51. Rh8 e3
52. Rxh7 e2 0-1

[Event "24. Open Catalunya Escacs Club"]
[Site "Barcelona ESP"]
[Date "2010.03.29"]
[Round "3.8"]
[White "Rios, Alejandro"]
[Black "Rodriguez Rebull, German"]
[Result "1/2-1/2"]
[WhiteElo "2284"]
[BlackElo "2054"]
[PlyCount "174"]
[EventDate "2010.03.27"]
[EventType "swiss"]
[EventRounds "9"]
[EventCountry "ESP"]
[Source "lmi"]
[SourceDate "2010.03.27"]

1. e4 Nf6 2. e5 Nd5 3. d4 d6 4. Nf3 g6 5. c4 Nb6 6. exd6 cxd6 7. Nc3 Bg7 8. h3
O-O 9. Be3 Nc6 10. Be2 Bf5 11. O-O d5 12. c5 Nc4 13. Bc1 b6 14. cxb6 axb6 15.
b3 Na3 16. Bxa3 Rxa3 17. Qd2 Be4 18. Nb5 Ra8 19. Rac1 Rc8 20. Rfd1 Bxf3 21.
Bxf3 e6 22. Be2 Qe7 23. Rc3 Qh4 24. Bf1 Rfd8 25. g3 Qf6 26. Kg2 Bf8 27. Qc1 Ne7
28. Rdd3 Rxc3 29. Rxc3 Nf5 30. Rf3 Qe7 31. Bd3 Nd6 32. Nc3 Rc8 33. Qe1 Qc7 34.
Bb1 Bg7 35. Qe3 b5 36. h4 Qb6 37. Ne2 b4 38. h5 Nb5 39. hxg6 hxg6 40. Qf4 Qa7
41. Qg4 Nxd4 42. Nxd4 Qxd4 43. Rf4 Qc3 44. Rxb4 d4 45. Rb7 d3 46. Qf3 Rd8 47.
Qxf7+ Kh8 48. Qxe6 Qf6 49. Qxf6 Bxf6 50. a4 d2 51. Bc2 Rc8 52. Bd1 Rc1 53. Bg4
d1=Q 54. Bxd1 Rxd1 55. f4 Ra1 56. Kf3 Kg8 57. g4 g5 58. fxg5 Bxg5 59. Rb5 Bd2
60. Rb7 Kf8 61. Ke4 Ke8 62. Kf5 Kd8 63. Kg6 Kc8 64. Rb5 Kc7 65. Rd5 Be3 66. Rd3
Bf4 67. Kf5 Bd6 68. g5 Rf1+ 69. Ke6 Re1+ 70. Kf7 Rf1+ 71. Kg6 Ra1 72. Rf3 Be7
73. Rf5 Rb1 74. Rb5 Rg1 75. Kh6 Rg3 76. g6 Bf6 77. Kh7 Kc6 78. b4 Bd4 79. Rf5
Kd6 80. Ra5 Ke7 81. Rh5 Kf6 82. Rd5 Bc3 83. Rb5 Rh3+ 84. Kg8 Kxg6 85. Kf8 Kf6
86. Rb6+ Ke5 87. a5 Bd4 1/2-1/2

[Event "24. Open Catalunya Escacs Club"]
[Site "Barcelona ESP"]
[Date "2010.03.29"]
[Round "3.9"]
[White "Capellades Subirana, Marc"]
[Black "Sole Bove, Josep"]
[Result "1-0"]
[WhiteElo "2254"]
[BlackElo "1894"]
[PlyCount "119"]
[EventDate "2010.03.27"]
[EventType "swiss"]
[EventRounds "9"]
[EventCountry "ESP"]
[Source "lmi"]
[SourceDate "2010.03.27"]

1. e4 e5 2. Nf3 Nc6 3. Bc4 Be7 4. d4 d6 5. c3 Nf6 6. d5 Nb8 7. Bd3 Nbd7 8. Nbd2
Nc5 9. Bc2 Bg4 10. b4 Ncd7 11. Nf1 Nf8 12. Ba4+ Bd7 13. Bxd7+ N8xd7 14. Ng3 O-O
15. O-O Re8 16. Nd2 Bf8 17. Nc4 g6 18. Na5 Qc8 19. Bd2 Bg7 20. Qc1 h5 21. f3
Kh7 22. Nh1 Ng8 23. Nf2 Bh6 24. c4 Bxd2 25. Qxd2 b6 26. Nc6 a6 27. a4 Ndf6 28.
Rfc1 Qd7 29. c5 Rec8 30. Qe3 bxc5 31. bxc5 Ne7 32. Nxe7 Qxe7 33. c6 Rcb8 34.
Rab1 Qd8 35. Qd3 Kg7 36. Nd1 h4 37. Nf2 Nh5 38. Nh3 Qf6 39. Rb7 g5 40. Rcb1 Rc8
41. Qd2 Nf4 42. Nf2 Nh5 43. Ng4 Qd8 44. Ne3 Kg6 45. Nf5 Ng7 46. Nxg7 Kxg7 47.
Qe3 Kg6 48. Kf2 f6 49. Ke2 Rcb8 50. Qf2 Qc8 51. g3 hxg3 52. hxg3 Qh8 53. Qg2
Rc8 54. Rh1 Qg7 55. Qh3 Kf7 56. Qh7 Rab8 57. Kd3 Rxb7 58. cxb7 Rb8 59. Qf5 Kg8
60. Qe6+ 1-0

[Event "24. Open Catalunya Escacs Club"]
[Site "Barcelona ESP"]
[Date "2010.03.29"]
[Round "3.10"]
[White "Ridameya Tatche, Jose Miguel"]
[Black "Burgos Figueroa, Carlos E"]
[Result "1/2-1/2"]
[WhiteElo "2021"]
[BlackElo "2272"]
[PlyCount "61"]
[EventDate "2010.03.27"]
[EventType "swiss"]
[EventRounds "9"]
[EventCountry "ESP"]
[Source "lmi"]
[SourceDate "2010.03.27"]

1. e4 g6 2. h4 h6 3. d4 c5 4. dxc5 Bg7 5. c3 Qc7 6. Be3 Nf6 7. Bd3 a5 8. Qb3
Ng4 9. Qb6 Qxb6 10. cxb6 Nxe3 11. fxe3 d6 12. Na3 O-O 13. O-O-O Nd7 14. Nb5
Nxb6 15. Nc7 Rb8 16. Nd5 Nxd5 17. exd5 b5 18. Nf3 Bg4 19. Rde1 Rfc8 20. Nd4 Bd7
21. h5 g5 22. Bf5 Bxf5 23. Nxf5 Rb7 24. Nxg7 Kxg7 25. e4 Rc5 26. Rh3 b4 27. Rd3
f6 28. Ree3 a4 29. Kb1 b3 30. Rd4 bxa2+ 31. Kxa2 1/2-1/2

[Event "24. Open Catalunya Escacs Club"]
[Site "Barcelona ESP"]
[Date "2010.03.30"]
[Round "4.1"]
[White "Munoz Pantoja, Miguel"]
[Black "Bergez, Luc"]
[Result "1/2-1/2"]
[WhiteElo "2459"]
[BlackElo "2392"]
[PlyCount "125"]
[EventDate "2010.03.27"]
[EventType "swiss"]
[EventRounds "9"]
[EventCountry "ESP"]
[Source "lmi"]
[SourceDate "2010.03.27"]

1. e4 d5 2. exd5 Nf6 3. Nf3 Nxd5 4. d4 Bf5 5. Bb5+ c6 6. Bd3 Bxd3 7. Qxd3 g6 8.
c4 Nf6 9. Nc3 Bg7 10. O-O O-O 11. Re1 Nbd7 12. Bf4 Nh5 13. Bg5 Nc5 14. Qe3 Ne6
15. Rad1 Nxg5 16. Qxg5 e6 17. Qe3 Qc7 18. g3 Nf6 19. Ne5 Rfd8 20. Qf4 Nh5 21.
Qe3 Nf6 22. Rd3 a6 23. Qd2 b5 24. b3 bxc4 25. bxc4 Nd7 26. Nf3 Qa5 27. Ne4 Qxd2
28. Rxd2 Rab8 29. Red1 Nb6 30. Rc2 Na4 31. Rd3 Rb2 32. Rxb2 Nxb2 33. Ra3 Bxd4
34. Rxa6 c5 35. Rc6 Ra8 36. Nxc5 Bxc5 37. Rxc5 Nd3 38. Rc7 Rxa2 39. c5 Rxf2 40.
Ne5 Rd2 41. Nxf7 Rc2 42. c6 Nb4 43. Ne5 Rc5 44. Nd7 Rxc6 45. Nf6+ Kf8 46. Nxh7+
Kg8 47. Nf6+ Kf8 48. Rb7 Nd5 49. Nh7+ Ke8 50. Ng5 Rc7 51. Rb2 Ke7 52. Re2 Rc6
53. h4 Kf6 54. Kh2 e5 55. Kh3 Ra6 56. Ne4+ Kf5 57. Nc5 Ra3 58. Rf2+ Nf4+ 59.
Kh2 g5 60. hxg5 Kxg5 61. gxf4+ exf4 62. Ne6+ Kf5 63. Nxf4 1/2-1/2

[Event "24. Open Catalunya Escacs Club"]
[Site "Barcelona ESP"]
[Date "2010.03.30"]
[Round "4.2"]
[White "Perpinya Rofes, Lluis Maria"]
[Black "Cruz, Jonathan"]
[Result "1/2-1/2"]
[WhiteElo "2308"]
[BlackElo "2442"]
[PlyCount "121"]
[EventDate "2010.03.27"]
[EventType "swiss"]
[EventRounds "9"]
[EventCountry "ESP"]
[Source "lmi"]
[SourceDate "2010.03.27"]

1. e4 c6 2. d4 d5 3. Nc3 dxe4 4. Nxe4 Bf5 5. Ng3 Bg6 6. h4 h6 7. Nf3 Nd7 8. h5
Bh7 9. Bd3 Bxd3 10. Qxd3 e6 11. Bd2 Ngf6 12. O-O-O Qc7 13. Ne4 O-O-O 14. g3
Nxe4 15. Qxe4 Nf6 16. Qe2 Rd5 17. Bf4 Qa5 18. c4 Rxh5 19. Ne5 Rxh1 20. Rxh1 Bd6
21. Nxf7 Bxf4+ 22. gxf4 Qxa2 23. Rh3 Qa1+ 24. Kc2 Qa4+ 25. Rb3 Re8 26. Nd6+ Kd7
27. Nxb7 Qxb3+ 28. Kxb3 Rb8 29. Kc3 Rxb7 30. Qe5 h5 31. c5 Rc7 32. Kc4 Kc8 33.
b4 a6 34. Qxe6+ Kb7 35. Kb3 Rd7 36. Qe5 Rd5 37. Qe7+ Rd7 38. Qf8 Nd5 39. Qf5
Nf6 40. Qg6 Re7 41. Ka4 Nd5 42. Qxh5 Nxf4 43. Qh8 Nd5 44. Qf8 Rc7 45. Kb3 Re7
46. Kc4 Rc7 47. Kd3 Nxb4+ 48. Ke4 a5 49. Ke5 a4 50. Qf3 Ka6 51. Kd6 Nd5 52. Qa3
Kb5 53. Qb2+ Ka5 54. Qb8 Ka6 55. f4 Ka5 56. f5 Ka6 57. Qa8+ Kb5 58. Qb8+ Ka5
59. Qb2 Ka6 60. Qe2+ Ka5 61. Qd2+ 1/2-1/2

[Event "24. Open Catalunya Escacs Club"]
[Site "Barcelona ESP"]
[Date "2010.03.30"]
[Round "4.3"]
[White "Cruz, Filemon"]
[Black "Lorenzo De La Riva, Lazaro"]
[Result "1-0"]
[WhiteElo "2436"]
[BlackElo "2383"]
[PlyCount "103"]
[EventDate "2010.03.27"]
[EventType "swiss"]
[EventRounds "9"]
[EventCountry "ESP"]
[Source "lmi"]
[SourceDate "2010.03.27"]

1. c4 e5 2. Nc3 Nf6 3. g3 d5 4. cxd5 Nxd5 5. Bg2 Nb6 6. Nf3 Nc6 7. O-O Be7 8.
d3 g5 9. a3 g4 10. Nd2 h5 11. b4 h4 12. Nb3 Qd7 13. e4 hxg3 14. hxg3 a5 15. b5
Nd4 16. Nxd4 Qxd4 17. Qc2 Qd6 18. Be3 Be6 19. Rfd1 a4 20. Qe2 Bb3 21. Rd2 Qg6
22. Rb2 Rd8 23. Rab1 Kf8 24. Rxb3 axb3 25. Rxb3 Qe6 26. Rb1 Bxa3 27. Qc2 Kg7
28. Ne2 Bd6 29. d4 f6 30. d5 Qd7 31. Nc1 Nc8 32. Nb3 b6 33. Nd2 Ne7 34. Qd1 Ra8
35. Nf1 Kf7 36. Nh2 Rhg8 37. Bf1 Rg7 38. Be2 Rag8 39. Ra1 Rg6 40. Ra7 Qc8 41.
Qc2 Rh8 42. Bf1 Qg8 43. Bg2 Qh7 44. Nf1 Rgg8 45. Rxc7 Bxc7 46. Qxc7 Kg6 47. Qd7
Qh5 48. Qxe7 Rh7 49. Qe6 Rgh8 50. Qxb6 Ra8 51. Qe6 Ra1 52. Qg8+ 1-0

[Event "24. Open Catalunya Escacs Club"]
[Site "Barcelona ESP"]
[Date "2010.03.30"]
[Round "4.4"]
[White "Perez Mitjans, Orelvis"]
[Black "Capellades Subirana, Marc"]
[Result "1-0"]
[WhiteElo "2392"]
[BlackElo "2254"]
[PlyCount "81"]
[EventDate "2010.03.27"]
[EventType "swiss"]
[EventRounds "9"]
[EventCountry "ESP"]
[Source "lmi"]
[SourceDate "2010.03.27"]

1. e4 e5 2. Nc3 Nc6 3. g3 d6 4. Bg2 Be6 5. Nge2 Qd7 6. h3 h5 7. d4 exd4 8. Nxd4
Nxd4 9. Qxd4 Ne7 10. Be3 Nc6 11. Qd2 h4 12. g4 Ne5 13. O-O-O Nc4 14. Qe2 Nxe3
15. Qxe3 Qc6 16. Nd5 Be7 17. e5 Bxd5 18. exd6 cxd6 19. Rhe1 Qc7 20. Bxd5 Kd8
21. Bxf7 Rf8 22. Bb3 b5 23. Rd3 a5 24. Bd5 Ra7 25. Rc3 Qb8 26. Rc6 Bf6 27.
Rxd6+ Qxd6 28. Qxa7 Bxb2+ 29. Kb1 Be5 30. Rd1 Rf4 31. a3 Ke8 32. Qxa5 Qb8 33.
Qa6 Rf6 34. Be6 g5 35. Qc6+ Kf8 36. Qc5+ Kg7 37. Qe7+ Kh6 38. Rd7 Qh8 39. Bf5
Rxf5 40. gxf5 b4 41. Qf7 1-0

[Event "24. Open Catalunya Escacs Club"]
[Site "Barcelona ESP"]
[Date "2010.03.30"]
[Round "4.5"]
[White "Garcia I Riera, Josep"]
[Black "Rios, Alejandro"]
[Result "0-1"]
[WhiteElo "2030"]
[BlackElo "2284"]
[PlyCount "68"]
[EventDate "2010.03.27"]
[EventType "swiss"]
[EventRounds "9"]
[EventCountry "ESP"]
[Source "lmi"]
[SourceDate "2010.03.27"]

1. d4 Nf6 2. c4 e6 3. Nf3 c5 4. Nc3 cxd4 5. Nxd4 Nc6 6. Bg5 h6 7. Bh4 a6 8. e3
Be7 9. Be2 d6 10. O-O O-O 11. Rc1 Bd7 12. Bf3 Rc8 13. b3 Qa5 14. Qe2 e5 15.
Nxc6 bxc6 16. Rfd1 g5 17. Bg3 Qc7 18. Qd2 Bf5 19. Be2 a5 20. f3 Bg6 21. Bd3 Nh5
22. Bxg6 fxg6 23. Qd3 Kh7 24. Ne4 Rcd8 25. Bf2 Ng7 26. Ng3 Qc8 27. Qd2 a4 28.
b4 g4 29. f4 h5 30. Ne4 Qf5 31. Ng3 Qf7 32. Ne2 Ne6 33. g3 Ng5 34. Rf1 Nf3+ 0-1

[Event "24. Open Catalunya Escacs Club"]
[Site "Barcelona ESP"]
[Date "2010.03.30"]
[Round "4.6"]
[White "Cabot Muntane, Jordi"]
[Black "Villalonga Coll, Jaume"]
[Result "0-1"]
[WhiteElo "2010"]
[BlackElo "2087"]
[PlyCount "82"]
[EventDate "2010.03.27"]
[EventType "swiss"]
[EventRounds "9"]
[EventCountry "ESP"]
[Source "lmi"]
[SourceDate "2010.03.27"]

1. e4 Nf6 2. e5 Nd5 3. c4 Nb6 4. c5 Nd5 5. Nc3 Nxc3 6. dxc3 Nc6 7. Nf3 d6 8.
Bg5 f6 9. exf6 gxf6 10. Be3 e5 11. Ng5 Bf5 12. Qf3 Qd7 13. Ne4 Bxe4 14. Qxe4 d5
15. Qf3 O-O-O 16. Bb5 Qe6 17. O-O e4 18. Qe2 Ne5 19. b4 Rg8 20. Ba4 Nf3+ 21.
Kh1 Qg4 22. Rg1 Nxg1 23. Qxg4+ Rxg4 24. Rxg1 c6 25. g3 Bg7 26. Bd1 f5 27. Bxg4
fxg4 28. Bd4 Bxd4 29. cxd4 Rf8 30. Kg2 Rf3 31. Rd1 Kd7 32. Rd2 Ke6 33. Rb2 Rd3
34. b5 Kd7 35. bxc6+ Kxc6 36. Rb4 Rd2 37. Kf1 Rxa2 38. Kg1 b6 39. cxb6 axb6 40.
Kf1 b5 41. Kg1 Ra4 0-1

[Event "24. Open Catalunya Escacs Club"]
[Site "Barcelona ESP"]
[Date "2010.03.30"]
[Round "4.7"]
[White "Rodriguez Rebull, German"]
[Black "Ridameya Tatche, Jose Miguel"]
[Result "1/2-1/2"]
[WhiteElo "2054"]
[BlackElo "2021"]
[PlyCount "42"]
[EventDate "2010.03.27"]
[EventType "swiss"]
[EventRounds "9"]
[EventCountry "ESP"]
[Source "lmi"]
[SourceDate "2010.03.27"]

1. e4 e5 2. Nf3 Nc6 3. Bb5 a6 4. Ba4 Nf6 5. O-O Be7 6. Re1 b5 7. Bb3 Bb7 8. d3
d6 9. c3 Na5 10. Bc2 c5 11. Nbd2 Nc6 12. Nf1 Qc7 13. a4 O-O 14. Ng3 Rfe8 15.
Nf5 Bf8 16. h3 Ne7 17. Nxe7+ Bxe7 18. Nh2 d5 19. Bg5 dxe4 20. dxe4 h6 21. Bxf6
Bxf6 1/2-1/2

[Event "24. Open Catalunya Escacs Club"]
[Site "Barcelona ESP"]
[Date "2010.03.30"]
[Round "4.8"]
[White "Burgos Figueroa, Carlos E"]
[Black "Mercade Gasco, Joan"]
[Result "1/2-1/2"]
[WhiteElo "2272"]
[BlackElo "1935"]
[PlyCount "91"]
[EventDate "2010.03.27"]
[EventType "swiss"]
[EventRounds "9"]
[EventCountry "ESP"]
[Source "lmi"]
[SourceDate "2010.03.27"]

1. e4 e6 2. d3 b6 3. Nf3 Bb7 4. g3 d5 5. Nbd2 dxe4 6. dxe4 g6 7. Bg2 Bg7 8. O-O
Ne7 9. Re1 O-O 10. c3 c5 11. Qc2 Qc7 12. Nc4 Nbc6 13. Bf4 e5 14. Bg5 b5 15.
Bxe7 Qxe7 16. Ne3 Nd8 17. Rad1 Ne6 18. Nd5 Qe8 19. h4 Rc8 20. Ng5 Nxg5 21. hxg5
Bxd5 22. Rxd5 Qe7 23. Qc1 Rfd8 24. Red1 Rxd5 25. Rxd5 Rd8 26. Rxd8+ Qxd8 27.
Bf1 a6 28. Qe3 Bf8 29. Kg2 Be7 30. f4 Qd1 31. Qe2 Qxe2+ 32. Bxe2 Bd6 33. Kf3
Kf8 34. Ke3 Ke7 35. Bg4 Kd8 36. f5 Kc7 37. f6 Bf8 38. c4 b4 39. Bd1 h6 40. Kf3
hxg5 41. Kg4 Bh6 42. Ba4 Kd6 43. b3 Ke6 44. Bc6 Kxf6 45. Bb7 a5 46. Bc8 1/2-1/2

[Event "24. Open Catalunya Escacs Club"]
[Site "Barcelona ESP"]
[Date "2010.03.30"]
[Round "4.9"]
[White "Martin Grillo, Ruben"]
[Black "Mir Vinas, Pau Jose"]
[Result "1-0"]
[WhiteElo "2236"]
[BlackElo "1899"]
[PlyCount "79"]
[EventDate "2010.03.27"]
[EventType "swiss"]
[EventRounds "9"]
[EventCountry "ESP"]
[Source "lmi"]
[SourceDate "2010.03.27"]

1. e4 e5 2. Nf3 Nc6 3. Bb5 a6 4. Ba4 Nf6 5. O-O b5 6. Bb3 Be7 7. Re1 O-O 8. d4
d6 9. c3 Bg4 10. d5 Na5 11. Bc2 c5 12. Nbd2 c4 13. h3 Bxf3 14. Qxf3 Nb7 15. Nf1
Nc5 16. g4 h6 17. Ng3 Nh7 18. Be3 Nd7 19. Nf5 Ng5 20. Qg3 f6 21. a4 g6 22.
Nxh6+ Kg7 23. h4 Kxh6 24. hxg5+ fxg5 25. Kg2 Kg7 26. Rh1 Qc7 27. axb5 axb5 28.
Rxa8 Rxa8 29. Qh3 Rg8 30. Qh7+ Kf8 31. Rh3 Nf6 32. Rf3 Qc8 33. Qh3 Kg7 34. Qh1
Nxe4 35. Bxe4 Qxg4+ 36. Kf1 Rh8 37. Qg2 Qc8 38. Bxg5 Qa6 39. Bf6+ Kf8 40. Bxh8+
1-0

[Event "24. Open Catalunya Escacs Club"]
[Site "Barcelona ESP"]
[Date "2010.03.30"]
[Round "4.10"]
[White "Mazet, Julien"]
[Black "Perez Grizia, Jorge Adrian"]
[Result "1/2-1/2"]
[WhiteElo "2208"]
[BlackElo "1929"]
[PlyCount "117"]
[EventDate "2010.03.27"]
[EventType "swiss"]
[EventRounds "9"]
[EventCountry "ESP"]
[Source "lmi"]
[SourceDate "2010.03.27"]

1. d4 Nf6 2. Nf3 h6 3. c4 c6 4. Nc3 e6 5. e4 Bb4 6. Bd3 c5 7. d5 d6 8. O-O Bxc3
9. bxc3 e5 10. Ne1 g5 11. Nc2 Bg4 12. f3 Bc8 13. Ne3 Qa5 14. Qc2 Ng8 15. Bd2
Ne7 16. Kh1 Nd7 17. g3 Nf8 18. Ng2 Bh3 19. Rab1 Qc7 20. Rf2 Nh7 21. Ne1 f6 22.
Bf1 Bc8 23. Nd3 O-O 24. Bg2 Rf7 25. Rff1 Kg7 26. Nf2 h5 27. Bh3 Bxh3 28. Nxh3
Qd7 29. Nf2 b6 30. Be3 Rh8 31. a4 Nf8 32. Rb5 Rh6 33. a5 Nc8 34. Ra1 Rg6 35.
Kg2 Kh7 36. Bd2 Rgg7 37. Nd1 Ng6 38. Ne3 Nf4+ 39. Kh1 Qh3 40. Qd1 Ng6 41. Nf5
Rd7 42. Nxg7 Rxg7 43. Qf1 Qd7 44. Rbb1 h4 45. g4 Qb7 46. h3 Qc7 47. axb6 Nxb6
48. Kg2 Ne7 49. Kf2 Nec8 50. Ke3 Qd8 51. Kd3 Rc7 52. Qc1 Kg6 53. Ra6 Qd7 54.
Rba1 Rb7 55. Qa3 Nxc4 56. Qa2 Nb2+ 57. Kc2 Qb5 58. Rb1 Qd3+ 59. Kc1 1/2-1/2

[Event "24. Open Catalunya Escacs Club"]
[Site "Barcelona ESP"]
[Date "2010.03.31"]
[Round "5.1"]
[White "Cruz, Jonathan"]
[Black "Cruz, Filemon"]
[Result "1/2-1/2"]
[WhiteElo "2442"]
[BlackElo "2436"]
[PlyCount "30"]
[EventDate "2010.03.27"]
[EventType "swiss"]
[EventRounds "9"]
[EventCountry "ESP"]
[Source "lmi"]
[SourceDate "2010.03.27"]

1. b3 e5 2. Bb2 Nc6 3. c4 g6 4. Nc3 Bg7 5. e3 Nge7 6. Nge2 O-O 7. Nd5 d6 8. d3
Be6 9. Nec3 Qd7 10. Be2 Nd8 11. O-O Nf5 12. Ne4 f6 13. Ndc3 c6 14. d4 exd4 15.
exd4 Bf7 1/2-1/2

[Event "24. Open Catalunya Escacs Club"]
[Site "Barcelona ESP"]
[Date "2010.03.31"]
[Round "5.2"]
[White "Villalonga Coll, Jaume"]
[Black "Munoz Pantoja, Miguel"]
[Result "0-1"]
[WhiteElo "2087"]
[BlackElo "2459"]
[PlyCount "68"]
[EventDate "2010.03.27"]
[EventType "swiss"]
[EventRounds "9"]
[EventCountry "ESP"]
[Source "lmi"]
[SourceDate "2010.03.27"]

1. Nf3 c5 2. c4 Nc6 3. Nc3 g6 4. g3 Bg7 5. Bg2 e5 6. d3 d6 7. O-O Nge7 8. Rb1
h6 9. a3 b6 10. b4 Bb7 11. Nd2 Qd7 12. b5 Nd4 13. Bxb7 Qxb7 14. e3 Ne6 15. Qf3
Qc8 16. Nde4 O-O 17. Nf6+ Kh8 18. h4 Qd8 19. Nfd5 f5 20. Nxe7 Qxe7 21. Nd5 Qb7
22. Qg2 Rae8 23. f4 Nc7 24. Nxc7 Qxc7 25. e4 exf4 26. Rxf4 Bd4+ 27. Kh1 fxe4
28. Rxf8+ Rxf8 29. Bxh6 Rf2 30. Qxe4 Qd7 31. g4 Qf7 32. Re1 Rf1+ 33. Rxf1 Qxf1+
34. Kh2 Bg1+ 0-1

[Event "24. Open Catalunya Escacs Club"]
[Site "Barcelona ESP"]
[Date "2010.03.31"]
[Round "5.3"]
[White "Bergez, Luc"]
[Black "Perpinya Rofes, Lluis Maria"]
[Result "0-1"]
[WhiteElo "2392"]
[BlackElo "2308"]
[PlyCount "52"]
[EventDate "2010.03.27"]
[EventType "swiss"]
[EventRounds "9"]
[EventCountry "ESP"]
[Source "lmi"]
[SourceDate "2010.03.27"]

1. d4 Nf6 2. c4 g6 3. Nc3 Bg7 4. e4 d6 5. f4 c5 6. d5 O-O 7. Nf3 e6 8. Be2 exd5
9. cxd5 Bg4 10. O-O Nbd7 11. Nd2 Bxe2 12. Qxe2 Re8 13. Qf3 a6 14. a4 Qe7 15. h3
c4 16. Nxc4 Nxe4 17. Nxe4 Qxe4 18. Nxd6 Bd4+ 19. Kh1 Qxf3 20. gxf3 Re2 21. Ra3
Bc5 22. Rb3 Bxd6 23. Rxb7 Nf6 24. Rb6 Rd8 25. Rxa6 Nh5 26. Rd1 Ng3+ 0-1

[Event "24. Open Catalunya Escacs Club"]
[Site "Barcelona ESP"]
[Date "2010.03.31"]
[Round "5.4"]
[White "Rios, Alejandro"]
[Black "Perez Mitjans, Orelvis"]
[Result "0-1"]
[WhiteElo "2284"]
[BlackElo "2392"]
[PlyCount "94"]
[EventDate "2010.03.27"]
[EventType "swiss"]
[EventRounds "9"]
[EventCountry "ESP"]
[Source "lmi"]
[SourceDate "2010.03.27"]

1. e4 d5 2. exd5 Qxd5 3. Nc3 Qa5 4. d4 Nf6 5. Nf3 Bg4 6. h3 Bh5 7. Be2 Nc6 8.
Bb5 O-O-O 9. Bxc6 bxc6 10. Qd3 c5 11. O-O e6 12. b4 cxb4 13. Ne2 Bg6 14. Qb3
Nd5 15. a3 Bd6 16. Bd2 Qa6 17. Rfe1 Qc6 18. Ra2 Nb6 19. axb4 Be4 20. Rxa7 Qxc2
21. Qxc2 Bxc2 22. Bf4 Kb8 23. Rea1 f6 24. d5 e5 25. Be3 Nxd5 26. Bc5 Bd3 27.
Ng3 Bxc5 28. bxc5 Ne7 29. Nh5 Be4 30. Ne1 Rhg8 31. f3 Bg6 32. Ng3 Nc6 33. R7a2
Nd4 34. h4 h5 35. Kf2 Kb7 36. Rc1 Kc6 37. Ra6+ Kd7 38. Rd1 Ra8 39. Rxa8 Rxa8
40. f4 Ra2+ 41. Kf1 Kc6 42. fxe5 fxe5 43. Nd3 Bxd3+ 44. Rxd3 g6 45. Ne4 Nf5 46.
g3 Ra4 47. Ng5 e4 0-1

[Event "24. Open Catalunya Escacs Club"]
[Site "Barcelona ESP"]
[Date "2010.03.31"]
[Round "5.5"]
[White "Lorenzo De La Riva, Lazaro"]
[Black "Rodriguez Rebull, German"]
[Result "1-0"]
[WhiteElo "2383"]
[BlackElo "2054"]
[PlyCount "95"]
[EventDate "2010.03.27"]
[EventType "swiss"]
[EventRounds "9"]
[EventCountry "ESP"]
[Source "lmi"]
[SourceDate "2010.03.27"]

1. d4 d5 2. c4 e6 3. Nc3 f5 4. e3 Nf6 5. h3 Bb4 6. Qb3 a5 7. Nge2 O-O 8. a3 Be7
9. Nf4 c6 10. Na4 g5 11. Ne2 dxc4 12. Qc2 b5 13. Nac3 Nd5 14. e4 Nxc3 15. bxc3
f4 16. h4 Bd7 17. hxg5 Bxg5 18. e5 Qe7 19. g3 Be8 20. Nxf4 Bxf4 21. Bxf4 Bg6
22. Qe2 Nd7 23. Bg2 Rac8 24. Be4 Bxe4 25. Qxe4 Rf7 26. Rh4 Kh8 27. Rh5 Rg7 28.
Bh6 Rgg8 29. Ke2 Nb6 30. Rah1 Nd5 31. Bd2 Rg7 32. Rh6 Rf8 33. f4 Rff7 34. Kf2
Kg8 35. Ra1 a4 36. Kf3 Kf8 37. Rh5 Ke8 38. g4 Kd7 39. f5 Qf8 40. Ke2 Qg8 41.
Rg1 Qe8 42. Rf1 Qf8 43. Rh6 Nc7 44. fxe6+ Nxe6 45. Rxe6 Kxe6 46. Qxc6+ Ke7 47.
Qb7+ Kd8 48. Bg5+ 1-0

[Event "24. Open Catalunya Escacs Club"]
[Site "Barcelona ESP"]
[Date "2010.03.31"]
[Round "5.6"]
[White "Capellades Subirana, Marc"]
[Black "Ridameya Tatche, Jose Miguel"]
[Result "1-0"]
[WhiteElo "2254"]
[BlackElo "2021"]
[PlyCount "89"]
[EventDate "2010.03.27"]
[EventType "swiss"]
[EventRounds "9"]
[EventCountry "ESP"]
[Source "lmi"]
[SourceDate "2010.03.27"]

1. e4 c6 2. d4 d5 3. Nd2 dxe4 4. Nxe4 Nf6 5. Ng3 e5 6. Nf3 exd4 7. Nxd4 Bc5 8.
Qe2+ Be7 9. Be3 Qa5+ 10. c3 O-O 11. Qc2 Nd5 12. Bd2 Bf6 13. Ndf5 Re8+ 14. Be2
Qc7 15. O-O Bxf5 16. Qxf5 Qd7 17. Qc2 Be5 18. Rfe1 Bxg3 19. hxg3 Na6 20. Rad1
Qc7 21. Bd3 h6 22. Bxa6 bxa6 23. Qf5 Rad8 24. c4 Rxe1+ 25. Rxe1 Ne7 26. Qc2 Ng6
27. Bc3 Qd6 28. Qa4 c5 29. Kh2 Kh7 30. Qb3 Rb8 31. Qc2 Rd8 32. Qf5 Rd7 33. Re8
Qc6 34. Rf8 Qc7 35. Re8 Qc6 36. Qe4 Qxe4 37. Rxe4 Nf8 38. Re8 Ne6 39. Rc8 Rd6
40. g4 Kg6 41. Kg3 f5 42. gxf5+ Kxf5 43. f3 h5 44. Rh8 Nf4 45. Rf8+ 1-0

[Event "24. Open Catalunya Escacs Club"]
[Site "Barcelona ESP"]
[Date "2010.03.31"]
[Round "5.7"]
[White "Vargas Drechsler, Carlos"]
[Black "Martin Grillo, Ruben"]
[Result "0-1"]
[WhiteElo "1940"]
[BlackElo "2236"]
[PlyCount "72"]
[EventDate "2010.03.27"]
[EventType "swiss"]
[EventRounds "9"]
[EventCountry "ESP"]
[Source "lmi"]
[SourceDate "2010.03.27"]

1. e4 c5 2. Nc3 Nc6 3. f4 g6 4. Nf3 Bg7 5. Bc4 e6 6. f5 Nge7 7. fxe6 fxe6 8. d3
O-O 9. a3 Ne5 10. Nxe5 Bxe5 11. Bh6 Rf7 12. Qd2 b5 13. Bxb5 Rb8 14. Ke2 Nc6 15.
Raf1 Nd4+ 16. Kd1 Nxb5 17. Nxb5 Qe7 18. Qe2 Ba6 19. Rxf7 Qxf7 20. Rf1 Qe7 21.
c4 Bxh2 22. e5 Bxb5 23. cxb5 Qh4 24. Qe3 Qa4+ 25. Kc1 Qh4 26. Bg5 Qg3 27. Qd2
Qxe5 28. Be7 Qg7 29. Qg5 Be5 30. Rf2 h6 31. Qh4 g5 32. Qe4 Bf4+ 33. Rxf4 gxf4
34. Bd6 Rxb5 35. Be5 d5 36. Qxf4 Qg5 0-1

[Event "24. Open Catalunya Escacs Club"]
[Site "Barcelona ESP"]
[Date "2010.03.31"]
[Round "5.8"]
[White "Visa Jordana, Joel"]
[Black "Lleyda Naval, Justo"]
[Result "1-0"]
[WhiteElo "2203"]
[BlackElo "1971"]
[PlyCount "55"]
[EventDate "2010.03.27"]
[EventType "swiss"]
[EventRounds "9"]
[EventCountry "ESP"]
[Source "lmi"]
[SourceDate "2010.03.27"]

1. d4 Nf6 2. c4 e6 3. Nc3 d5 4. cxd5 exd5 5. Bg5 Be7 6. e3 O-O 7. Bd3 Re8 8.
Nge2 Nbd7 9. O-O c6 10. Qc2 Nf8 11. f3 N6d7 12. Bxe7 Qxe7 13. e4 Nb6 14. e5 c5
15. Nb5 cxd4 16. Nc7 Nc4 17. Nxd5 Qxe5 18. Bxc4 Be6 19. Nef4 Rac8 20. Qa4 d3
21. Bb3 d2 22. Nxe6 Nxe6 23. Qb4 Qxb2 24. Ne7+ Kh8 25. Nxc8 Rxc8 26. Rad1 Rd8
27. Rf2 Rd4 28. Rfxd2 1-0